000 00921nam a22002771 4500
001 1711
003 BD-RjUL
005 20211208233408.0
008 1312 s1963 nyua 001 0 eng
035 _a(BD-RjUL)1738
040 _aDLC
_cDLC
_dDLC
_dBD-RjUL
_beng
041 _aeng
082 0 0 _a137.5
_216
_bNEH 1963
100 1 _aNewton, Roy
_d1904-
_95664
245 1 0 _aHow to improve your personality /
_cRoy Newton [and] Helen Hinkson Green.
250 _a3d ed.
260 _aNew York :
_bGregg Pub. Division, McGraw-Hill ,
_cc1963
300 _aiv, 219 p. :
_billus. ;
_c23 cm.
504 _aIncludes bibliographical references and index.
650 0 _aPersonality.
_95665
700 1 _aGreen, Helen Hinkson,
_ejoint author.
_95666
856 _uhttp://www.worldcat.org/title/how-to-improve-your-personality/oclc/594277&referer=brief_results
942 _2ddc
_cBK
999 _c1711
_d1711